|
|
|
|
| LEADER |
00971nam a2200241 a 4500 |
| 001 |
6659 |
| 003 |
BD-DhAAL |
| 005 |
20151114151455.0 |
| 008 |
151114s1995 enka j 000 1 eng |
| 020 |
|
|
|a 014036675x
|
| 020 |
|
|
|a 0333640497 :
|
| 040 |
|
|
|a UKM
|c UKM
|d EQF
|d BD-DhAAL
|
| 082 |
0 |
4 |
|a 823.8
|a J
|2 20
|
| 100 |
1 |
|
|a Carroll, Lewis,
|d 1832-1898.
|9 16153
|
| 245 |
1 |
0 |
|a Alice's adventures in Wonderland /
|c by Lewis Carroll ; with illustrations by Sir John Tenniel ; coloured by Harry Theaker and Diz Wallis.
|
| 260 |
|
|
|a London :
|a :
|b Macmillan,
|b Puffin Books,
|c 1994.
|
| 300 |
|
|
|a 141 p. :
|b ill. ;
|c 20 cm.
|
| 541 |
|
|
|e 6659
|
| 650 |
|
|
|a Alice -- (Fictitious character from Carroll)
|v Juvenile fiction
|9 16154
|
| 700 |
1 |
|
|a Tenniel, John,
|c Sir,
|d 1820-1914.
|9 16155
|
| 942 |
|
|
|2 ddc
|c BK
|
| 999 |
|
|
|c 36138
|d 36138
|
| 952 |
|
|
|0 0
|1 0
|2 ddc
|4 0
|6 823_800000000000000_CAR
|7 0
|9 56815
|a SCL
|b SCL
|c GEN
|d 2015-11-14
|g 275.00
|l 15
|m 85
|o 823.8 CAR
|p 3020006659
|r 2026-04-13
|s 2026-04-09
|t 1
|w 2015-11-14
|y BK
|